000 00750nam a2200253Ia 4500
003 OSt
005 20220928121433.0
006 a|||||r|||| 00| 0
007 ta
008 220927b |||||||| |||| 00| 0 eng d
020 _c4226.8910999999998
024 _a106252
037 _b935, 26/02/2010, Ashutosh Technical Books
_cTextual
040 _aSDCL
_cSDCL
_beng
041 _2eng
_aeng
082 _aB13, Q0
100 _aMollin Richard A
_9435284
245 0 _aAdvanced number theory with applications.
260 _aLondon
_bCRC Press
_c2010
300 _axiii, 466p
_ccm.
650 _aMathematics
942 _hB13, Q0
_cTEXL
_2CC
999 _c766269
_d766269